[Event "Titled Tue 27th May Late"]
[Site "chess.com INT"]
[Date "2025.05.27"]
[Round "4"]
[White "Garcia Hernandez, Rebeca"]
[Black "Rabin, Evan"]
[Result "0-1"]
[WhiteTitle "WCM"]
[WhiteElo "1903"]
[BlackElo "1945"]
[WhiteFideId "5180872"]
[BlackFideId "2028670"]
[EventDate "2025.05.27"]

1. Nf3 Nf6 2. g3 d5 3. Bg2 c6 4. O-O Bg4 5. b3 Nbd7 6. Bb2 e6 7. c4 Be7 8. d4
O-O 9. Nbd2 a5 10. Qc2 Bf5 11. Qd1 a4 12. Nh4 Bg4 13. Qe1 Ne8 14. Nhf3 Nd6 15.
e4 dxe4 16. Nxe4 Nxe4 17. Qxe4 Bf5 18. Qe2 Qb6 19. c5 Qc7 20. b4 Nf6 21. a3 Nd5
22. Ne5 Bf6 23. Nc4 Rfd8 24. Nd6 Bg6 25. Ne4 Be7 26. Rfd1 b5 27. Rac1 Rd7 28.
Nc3 Nxc3 29. Bxc3 Rad8 30. Qf3 Rc8 31. Qe2 Bf6 32. Rd2 Rcd8 33. Rcd1 Bf5 34. Qf3
Rc8 35. Qe2 Bg5 36. f4 Bf6 37. Kh1 Rcd8 38. Qf3 Rc8 39. Qe2 g5 40. Qf3 gxf4 41.
Qxf4 Qxf4 42. gxf4 Kf8 43. Bf3 Ke7 44. Kg2 Kd8 45. Kf2 Kc7 46. Ke2 Rcd8 47. Rg1
Bg6 48. Rgd1 Bg7 49. h3 Bh6 50. Ke3 f6 51. h4 e5 0-1

[Event "Titled Tue 27th May Late"]
[Site "chess.com INT"]
[Date "2025.05.27"]
[Round "4"]
[White "Gharibyan, Mamikon"]
[Black "Mizzi, Jack"]
[Result "1-0"]
[WhiteTitle "GM"]
[BlackTitle "CM"]
[WhiteElo "2472"]
[BlackElo "2086"]
[WhiteFideId "13308300"]
[BlackFideId "5602521"]
[EventDate "2025.05.27"]

1. d4 Nf6 2. c4 e6 3. Nf3 d5 4. Nc3 dxc4 5. e4 c5 6. d5 exd5 7. e5 Ng8 8. Nxd5
Be6 9. Bxc4 Nc6 10. Ng5 Bxd5 11. Bxd5 Nh6 12. e6 Nd4 13. exf7+ Ke7 14. Bxb7 Rb8
15. Be4 Nxf7 16. O-O h6 17. Nxf7 Kxf7 18. Qh5+ Ke6 19. Re1 Kd7 20. Bf4 Bd6 21.
Bxd6 Kxd6 22. Qd5+ 1-0

[Event "Titled Tue 27th May Late"]
[Site "chess.com INT"]
[Date "2025.05.27"]
[Round "4"]
[White "Rasulov, Vugar"]
[Black "Wagner, Dennis"]
[Result "1-0"]
[WhiteTitle "GM"]
[BlackTitle "GM"]
[WhiteElo "2485"]
[BlackElo "2616"]
[WhiteFideId "13402390"]
[BlackFideId "24650684"]
[EventDate "2025.05.27"]

1. e4 e5 2. Nf3 Nc6 3. Bb5 a6 4. Ba4 Nf6 5. O-O Nxe4 6. d4 b5 7. Bb3 d5 8. dxe5
Be6 9. Qe2 Nc5 10. Rd1 Nxb3 11. axb3 Be7 12. h3 O-O 13. Nc3 Qd7 14. Bg5 Rfd8 15.
Rd2 h6 16. Bxe7 Qxe7 17. Rad1 Nb4 18. Nd4 c5 19. Nxe6 Qxe6 20. Qf3 d4 21. Ne2
Qxe5 22. c3 d3 23. Nc1 Nc2 24. Nxd3 Qd5 25. Ne5 Nd4 26. cxd4 cxd4 27. Rxd4 1-0

[Event "Titled Tue 27th May Late"]
[Site "chess.com INT"]
[Date "2025.05.27"]
[Round "4"]
[White "Dovgaliuk, Oleksandr"]
[Black "Sydoryka, Vladyslav"]
[Result "0-1"]
[BlackTitle "FM"]
[WhiteElo "2240"]
[BlackElo "2224"]
[WhiteFideId "14167247"]
[BlackFideId "14145928"]
[EventDate "2025.05.27"]

1. e4 c6 2. d4 d5 3. e5 Bf5 4. Nf3 e6 5. Be2 c5 6. c3 Nc6 7. Be3 cxd4 8. cxd4
Nge7 9. Nc3 Bg6 10. g4 h5 11. Nb5 Nc8 12. gxh5 Bxh5 13. Ng5 Bb4+ 14. Nc3 Bxe2
15. Qxe2 N8e7 16. a3 Ba5 17. b4 Bb6 18. Nb5 Nf5 19. Qf3 a6 20. Nd6+ Nxd6 21.
exd6 Qf6 22. d7+ Kxd7 23. Qg4 Bxd4 24. Rd1 Bxe3 25. fxe3 Ne5 26. Rxd5+ Ke7 27.
Rxe5 Qxe5 0-1

[Event "Titled Tue 27th May Late"]
[Site "chess.com INT"]
[Date "2025.05.27"]
[Round "4"]
[White "Tari, Aryan"]
[Black "Topuz, Mirac Melih"]
[Result "1-0"]
[WhiteTitle "GM"]
[BlackTitle "CM"]
[WhiteElo "2636"]
[BlackElo "2130"]
[WhiteFideId "1510045"]
[BlackFideId "26364611"]
[EventDate "2025.05.27"]

1. g4 d5 2. c4 c6 3. Bg2 Bxg4 4. cxd5 cxd5 5. Nc3 Nf6 6. Qb3 e6 7. Qxb7 Nbd7 8.
d4 Be7 9. Nf3 O-O 10. Bf4 Qa5 11. O-O Qb6 12. Qxb6 axb6 13. Rfc1 Rfc8 14. a3 Nh5
15. Bd2 Bf5 16. Nb5 Ndf6 17. Ne5 Ne4 18. Bxe4 Bxe4 19. f3 Bf5 20. Nc7 Ra7 21.
Nc6 Rcxc7 22. Nxa7 Rd7 23. Rc8+ Rd8 24. Nc6 Rxc8 25. Nxe7+ Kf8 26. Nxc8 Nf6 27.
Nxb6 1-0

[Event "Titled Tue 27th May Late"]
[Site "chess.com INT"]
[Date "2025.05.27"]
[Round "4"]
[White "Winkels, Marcel"]
[Black "Marino Bravo, Miguel Angel"]
[Result "0-1"]
[WhiteTitle "CM"]
[BlackTitle "CM"]
[WhiteElo "1918"]
[BlackElo "2134"]
[WhiteFideId "1003887"]
[BlackFideId "2208970"]
[EventDate "2025.05.27"]

1. e4 c5 2. Nf3 Nc6 3. d4 cxd4 4. Nxd4 g6 5. Nc3 Bg7 6. Be3 Nf6 7. Bc4 O-O 8.
Bb3 Re8 9. O-O e6 10. Qe2 d5 11. Rad1 Nxd4 12. Bxd4 dxe4 13. Nxe4 Qe7 14. Bc5
Qc7 15. Bd6 Qc6 16. Nc5 Nd5 17. Ba4 Qxd6 18. Bxe8 Qxc5 19. c4 Nf6 20. Rd8 Qe7
21. Rfd1 Nxe8 22. c5 Bf6 23. R8d3 Nc7 24. b4 Nd5 25. Qg4 Bd7 26. a3 Ba4 27. Re1
Qc7 28. Qf3 Kg7 29. g3 a5 30. Re4 Bc2 31. Rxd5 Bxe4 0-1

[Event "Titled Tue 27th May Late"]
[Site "chess.com INT"]
[Date "2025.05.27"]
[Round "4"]
[White "Zhigalko, Sergei"]
[Black "Raptis, Nick"]
[Result "1-0"]
[WhiteTitle "GM"]
[BlackTitle "FM"]
[WhiteElo "2572"]
[BlackElo "2220"]
[WhiteFideId "13502956"]
[BlackFideId "2016850"]
[EventDate "2025.05.27"]

1. e4 e6 2. d4 d5 3. e5 c5 4. c3 Nc6 5. Nf3 Nh6 6. Na3 f6 7. Bb5 Nf7 8. O-O cxd4
9. cxd4 Be7 10. Re1 O-O 11. exf6 Bxf6 12. Bxc6 bxc6 13. Bf4 c5 14. Nb5 cxd4 15.
Nbxd4 Qb6 16. Qd2 Bd7 17. Ne5 Nxe5 18. Bxe5 Rac8 19. b3 Qc5 20. Rac1 Qa3 21.
Rxc8 Bxc8 22. h3 Bd7 23. Bxf6 Rxf6 24. Re5 Qc5 25. Qe3 h6 26. Nf3 Qc2 27. Qe2
Qc1+ 28. Qe1 Qc2 29. Re2 Qf5 30. Ne5 Be8 31. Ng4 Rg6 32. Re5 Qf7 33. Re3 Qf5 34.
Rf3 Qc2 35. Rc3 Qxa2 36. Rc8 Kf8 37. Qb4+ Kf7 38. Ne5+ Kf6 39. Qf4+ Ke7 40. Rc7+
Kd8 41. Nf7+ Bxf7 42. Qd6+ Ke8 43. Qe7# 1-0

[Event "Titled Tue 27th May Late"]
[Site "chess.com INT"]
[Date "2025.05.27"]
[Round "4"]
[White "Demchenko, Yaroslav"]
[Black "Montano Vicente, Guadalupe"]
[Result "1-0"]
[WhiteTitle "CM"]
[WhiteElo "2286"]
[BlackElo "1940"]
[WhiteFideId "14186667"]
[BlackFideId "5181399"]
[EventDate "2025.05.27"]

1. Nf3 c5 2. e3 Nf6 3. b3 g6 4. Bb2 Bg7 5. d4 cxd4 6. exd4 d5 7. Bd3 Nc6 8. O-O
O-O 9. a3 Bf5 10. Bxf5 gxf5 11. Nbd2 Ne4 12. Ne5 Rc8 13. Ndf3 Qc7 14. c4 dxc4
15. bxc4 Nxe5 16. Nxe5 Bxe5 17. dxe5 Qxc4 18. Qh5 Qe6 19. Rfe1 Rc2 20. Bd4 Rd8
21. Rad1 b6 22. h3 Qg6 23. Qf3 Rxd4 24. Rxd4 Rxf2 25. Qxf2 Nxf2 26. Kxf2 Qc6 27.
Red1 Qc5 28. Rd3 f6 29. e6 Qe5 30. Rg3+ 1-0

[Event "Titled Tue 27th May Late"]
[Site "chess.com INT"]
[Date "2025.05.27"]
[Round "4"]
[White "Zlatkov, Anton"]
[Black "Jahnz, Laurin"]
[Result "1-0"]
[WhiteTitle "FM"]
[BlackTitle "CM"]
[WhiteElo "2322"]
[BlackElo "2233"]
[WhiteFideId "15005402"]
[BlackFideId "16261089"]
[EventDate "2025.05.27"]

1. d4 d5 2. Nf3 Nf6 3. c4 e6 4. Nc3 dxc4 5. e3 a6 6. Bxc4 c5 7. a4 Nc6 8. O-O
Be7 9. Qe2 cxd4 10. Rd1 e5 11. exd4 exd4 12. Nd5 Nxd5 13. Nxd4 O-O 14. Bxd5 Qxd5
15. Nxc6 Qxc6 16. Qxe7 Bg4 17. f3 Rfe8 18. Qg5 Qb6+ 19. Kh1 Be6 20. Be3 h6 21.
Qxg7+ Kxg7 22. Bxb6 Bb3 23. Rd7 Rac8 24. Rxb7 Bxa4 25. Rxa4 Rc1+ 26. Bg1 Ree1
27. h4 Rxg1+ 28. Kh2 Rh1+ 29. Kg3 Rc2 30. Rg4+ Kf6 31. Rf4+ Ke6 32. Rfxf7 Rg1
33. Rfe7+ Kf6 34. Rec7 Rgxg2+ 35. Kf4 Rxb2 36. Rc6# 1-0

[Event "Titled Tue 27th May Late"]
[Site "chess.com INT"]
[Date "2025.05.27"]
[Round "4"]
[White "Bortnyk, Olexandr"]
[Black "Akkara, Omer"]
[Result "1-0"]
[WhiteTitle "GM"]
[BlackTitle "CM"]
[WhiteElo "2601"]
[BlackElo "2036"]
[WhiteFideId "14120828"]
[BlackFideId "26319802"]
[EventDate "2025.05.27"]

1. d4 Nf6 2. Nc3 d6 3. e4 e5 4. Nf3 exd4 5. Nxd4 g6 6. g3 Bg7 7. Bg2 O-O 8. O-O
Nbd7 9. h3 a6 10. f4 Re8 11. Kh2 c5 12. Nf3 Qc7 13. Re1 b5 14. e5 dxe5 15. fxe5
Nh5 16. Nd5 Qb8 17. g4 Nxe5 18. Nxe5 Bxe5+ 19. Kg1 Bd4+ 20. Be3 Bxe3+ 21. Rxe3
Rxe3 22. Nxe3 Qg3 23. Qf3 Rb8 24. gxh5 Qg5 25. Rf1 Be6 26. hxg6 hxg6 27. Qf4
Qxf4 28. Rxf4 Rd8 29. b3 Rd2 30. Rf2 Rd4 31. Kf1 a5 32. Ke1 a4 33. Rd2 Rf4 34.
Rd8+ Kg7 35. Rb8 axb3 36. axb3 b4 37. Rb5 c4 38. Rxb4 Re4 39. Bxe4 1-0

[Event "Titled Tue 27th May Late"]
[Site "chess.com INT"]
[Date "2025.05.27"]
[Round "4"]
[White "Skramstad, Oda Kofoed"]
[Black "Khandhadia, Nivaan Rathin"]
[Result "1-0"]
[WhiteTitle "WCM"]
[BlackTitle "CM"]
[WhiteElo "1898"]
[BlackElo "2112"]
[WhiteFideId "1564862"]
[BlackFideId "25753274"]
[EventDate "2025.05.27"]

1. d4 d5 2. c4 e6 3. Nc3 Nf6 4. Bg5 Be7 5. e3 h6 6. Bh4 O-O 7. Nf3 b6 8. Rc1 Bb7
9. cxd5 Nxd5 10. Nxd5 exd5 11. Bxe7 Qxe7 12. Bd3 Rc8 13. O-O c5 14. Qa4 Nd7 15.
Qa3 Qe8 16. Rfd1 c4 17. Bf5 Rd8 18. b3 b5 19. Qb4 Nf6 20. a4 Bc6 21. axb5 Bxb5
22. bxc4 Bxc4 23. Ne5 Rab8 24. Qa5 Rb5 25. Qa1 a5 26. Bc2 Rc8 27. Ba4 1-0

[Event "Titled Tue 27th May Late"]
[Site "chess.com INT"]
[Date "2025.05.27"]
[Round "4"]
[White "Sarana, Alexey"]
[Black "Noroozi, Omid"]
[Result "1-0"]
[WhiteTitle "GM"]
[BlackTitle "IM"]
[WhiteElo "2686"]
[BlackElo "2266"]
[WhiteFideId "24133795"]
[BlackFideId "12501190"]
[EventDate "2025.05.27"]

1. d4 Nf6 2. c4 e6 3. Nc3 Bb4 4. e3 O-O 5. Bd3 d5 6. a3 Bxc3+ 7. bxc3 dxc4 8.
Bxc4 c5 9. Bb2 Qc7 10. Qe2 Nc6 11. Nf3 cxd4 12. cxd4 Qa5+ 13. Qd2 Qh5 14. O-O
Bd7 15. h3 Rad8 16. Rac1 Ne7 17. Ne5 Ng6 18. Be2 Qh6 19. Nxd7 Rxd7 20. Qa5 b6
21. Qb5 Rfd8 22. Bf3 Nh4 23. Bc6 Qg6 24. Qe5 Rd6 25. Bb7 Nd5 26. Qg3 Qxg3 27.
fxg3 Ng6 28. e4 Nde7 29. Rc7 R6d7 30. Rfc1 f6 31. Ba6 Kf7 32. Bb5 Rxc7 33. Rxc7
Ra8 34. a4 a6 35. Bc6 Rb8 36. d5 exd5 37. exd5 Kg8 38. Rb7 Rd8 39. Ra7 Nxd5 40.
Ra8 Rxa8 41. Bxd5+ Kf8 42. Bxa8 Ke7 43. Bb7 a5 44. Bd4 1-0

[Event "Titled Tue 27th May Late"]
[Site "chess.com INT"]
[Date "2025.05.27"]
[Round "4"]
[White "Alizadeh, Mohammad Mahdi"]
[Black "Szpar, Milosz"]
[Result "0-1"]
[WhiteTitle "CM"]
[BlackTitle "IM"]
[WhiteElo "2015"]
[BlackElo "2475"]
[WhiteFideId "22598820"]
[BlackFideId "1184989"]
[EventDate "2025.05.27"]

1. c4 e6 2. Nc3 d5 3. Nf3 d4 4. Nb1 Nc6 5. g3 e5 6. Bg2 e4 7. Ng1 h5 8. Bxe4 h4
9. d3 Nf6 10. Bg2 h3 11. Bf3 Ne5 12. Bg5 c6 13. Nd2 Bf5 14. Be4 Be6 15. Ngf3
Neg4 16. Qb3 Qd7 17. Bxf6 gxf6 18. Nh4 Be7 19. Bf3 Ne5 20. O-O-O f5 21. Rhg1 a5
22. Bh1 Ng4 23. Rde1 Nxf2 24. e3 dxe3 25. Rxe3 Bg5 26. Rf3 Ng4 27. Re1 O-O-O 28.
Qc3 Nxh2 29. Qxa5 Nxf3 30. Qa8+ Kc7 31. Qa5+ Kb8 32. Nxf3 Bh6 33. c5 Qxd3 0-1

[Event "Titled Tue 27th May Late"]
[Site "chess.com INT"]
[Date "2025.05.27"]
[Round "4"]
[White "Kang, Dorian"]
[Black "Fernandes, Rogerio Paulo Muller"]
[Result "0-1"]
[WhiteTitle "CM"]
[WhiteElo "2047"]
[BlackElo "2241"]
[WhiteFideId "2619156"]
[BlackFideId "2101599"]
[EventDate "2025.05.27"]

1. e4 e6 2. d4 d5 3. Nd2 c5 4. exd5 Qxd5 5. Ngf3 cxd4 6. Bc4 Qd6 7. Nb3 Nc6 8.
O-O a6 9. Nbxd4 Nxd4 10. Qxd4 Qxd4 11. Nxd4 Bd7 12. Be2 O-O-O 13. Bf3 Nf6 14. c3
Bc5 15. Nb3 Bb6 16. Bg5 h6 17. Bxf6 gxf6 18. a4 Kc7 19. a5 Ba7 20. Rfd1 Bc6 21.
Bh5 Rhg8 22. g3 Rxd1+ 23. Rxd1 Ba4 24. Bxf7 Bxb3 25. Bxg8 Bxd1 26. Bxe6 Bf3 27.
Kf1 Kc6 28. b4 Kb5 29. Bb3 Bb8 30. Ke1 Be5 31. Kd2 Kc6 32. c4 Bd4 33. Ba4+ Kc7
34. b5 Bxf2 35. b6+ Kd6 36. Kd3 Kc5 37. Kc3 Be2 38. Bd7 Bxc4 39. Bc8 Bd5 40. Bd7
Bc6 41. Bf5 Kb5 42. Bd3+ Kxa5 0-1

[Event "Titled Tue 27th May Late"]
[Site "chess.com INT"]
[Date "2025.05.27"]
[Round "4"]
[White "Ehlvest, Jaan"]
[Black "Tang, Andrew"]
[Result "0-1"]
[WhiteTitle "GM"]
[BlackTitle "GM"]
[WhiteElo "2532"]
[BlackElo "2529"]
[WhiteFideId "4500016"]
[BlackFideId "2059630"]
[EventDate "2025.05.27"]

1. d4 d5 2. Nf3 Nf6 3. e3 e6 4. Bd3 b6 5. O-O Bb7 6. b3 Nbd7 7. Bb2 Ne4 8. c4
Bd6 9. Nc3 a6 10. Rc1 O-O 11. Ne2 Qe7 12. Qc2 f5 13. Rfd1 Rac8 14. Ng3 Qf6 15.
Qe2 Ra8 16. c5 Bxg3 17. hxg3 bxc5 18. dxc5 e5 19. c6 Bxc6 20. Qc2 Bb5 21. Qxc7
Rf7 22. Nxe5 Re7 23. Bxe4 fxe4 24. Qb7 Nb6 25. a4 Rxb7 0-1

[Event "Titled Tue 27th May Late"]
[Site "chess.com INT"]
[Date "2025.05.27"]
[Round "4"]
[White "Ferrara, Enzo"]
[Black "Zilberstein, Dmitry"]
[Result "0-1"]
[BlackTitle "IM"]
[WhiteElo "2138"]
[BlackElo "2358"]
[WhiteFideId "137731"]
[BlackFideId "2010739"]
[EventDate "2025.05.27"]

1. d4 d6 2. Nf3 Nf6 3. g3 g6 4. Bg2 Bg7 5. O-O O-O 6. c4 c6 7. Nc3 Qb6 8. Qc2 a5
9. e4 Na6 10. a3 Bg4 11. Be3 Rfc8 12. d5 Qd8 13. dxc6 bxc6 14. Na4 Rab8 15. Rfd1
Nd7 16. Bg5 Ne5 17. Qe2 Rb3 18. Nc3 Qb6 19. Rd2 Nxf3+ 20. Bxf3 Bxf3 21. Qxf3
Rxb2 22. Na4 Rb1+ 23. Rd1 Rxd1+ 24. Rxd1 Qa7 25. c5 Nxc5 26. Nxc5 dxc5 27. Qg4
e6 28. Qe2 Bd4 29. Kg2 Rb8 30. Rd3 Rb2 31. Rd2 Qb7 32. a4 Qb4 33. Rxb2 Qxb2 34.
Qe1 Qc2 35. Be3 Qxe4+ 0-1

[Event "Titled Tue 27th May Late"]
[Site "chess.com INT"]
[Date "2025.05.27"]
[Round "4"]
[White "Onur, Cigdem"]
[Black "Maglioni, Leonardo"]
[Result "0-1"]
[WhiteTitle "WCM"]
[WhiteElo "1966"]
[BlackElo "2069"]
[WhiteFideId "6346030"]
[BlackFideId "2896830"]
[EventDate "2025.05.27"]

1. e4 e5 2. Nf3 Nc6 3. Nc3 g6 4. Bb5 Nge7 5. Nd5 Bg7 6. d3 O-O 7. Bg5 f6 8. Be3
Nxd5 9. exd5 Ne7 10. Bc4 d6 11. h4 h6 12. Qd2 Kh7 13. O-O-O f5 14. g3 c6 15. h5
g5 16. Bxg5 hxg5 17. Nxg5+ Kh8 18. dxc6 d5 19. cxb7 Bxb7 20. Ne6 Qd6 21. Nxf8
Bxf8 22. h6 dxc4 23. Rh4 cxd3 24. Qg5 Qg6 25. Qxg6 Nxg6 26. Rc4 dxc2 27. Kxc2
Be4+ 28. Kc3 a5 0-1

[Event "Titled Tue 27th May Late"]
[Site "chess.com INT"]
[Date "2025.05.27"]
[Round "4"]
[White "Garbuz, Vitaliy"]
[Black "Schulz, Michael1"]
[Result "1-0"]
[WhiteTitle "CM"]
[BlackTitle "FM"]
[WhiteElo "2224"]
[BlackElo "2069"]
[WhiteFideId "12990710"]
[BlackFideId "4616731"]
[EventDate "2025.05.27"]

1. e4 g6 2. d4 Bg7 3. h4 h5 4. Nc3 c5 5. dxc5 Bxc3+ 6. bxc3 Qa5 7. Qd4 Nf6 8.
Qb4 Qc7 9. Bg5 Nc6 10. Qa4 Qe5 11. Bxf6 exf6 12. Qc4 f5 13. Bd3 fxe4 14. Qxe4
O-O 15. Qxe5 Nxe5 16. Ne2 b6 17. cxb6 axb6 18. O-O Bb7 19. Nd4 Rfe8 20. Nb5 Ra5
21. Nd6 Rb8 22. Rfe1 Nxd3 23. cxd3 Bc6 24. c4 Rba8 25. Re7 Rxa2 26. Rxa2 Rxa2
27. Rxf7 Rd2 28. Rf6 Kg7 29. Ne8+ Kh6 30. Rd6 b5 31. cxb5 Bxb5 32. d4 Rd1+ 33.
Kh2 Rd2 34. Kg3 Rd3+ 35. f3 Rd2 36. Nf6 Bf1 37. Rxd7 Rxg2+ 38. Kf4 g5+ 39. hxg5+
Kg6 40. Ne4 h4 41. Rd6+ Kg7 42. Rh6 Rh2 43. d5 h3 44. d6 Rh1 45. d7 1-0

[Event "Titled Tue 27th May Late"]
[Site "chess.com INT"]
[Date "2025.05.27"]
[Round "4"]
[White "Eljanov, Pavel"]
[Black "Kislinsky, Alexey"]
[Result "1-0"]
[WhiteTitle "GM"]
[BlackTitle "GM"]
[WhiteElo "2668"]
[BlackElo "2350"]
[WhiteFideId "14102951"]
[BlackFideId "14108801"]
[EventDate "2025.05.27"]

1. d4 d5 2. Nf3 Nf6 3. Bf4 e6 4. e3 c5 5. Nbd2 Bd6 6. dxc5 Bxc5 7. a3 O-O 8. c4
Nc6 9. Be2 a6 10. O-O dxc4 11. Nxc4 b5 12. Nd6 Qe7 13. Rc1 Nd7 14. b4 e5 15.
Nxc8 Raxc8 16. Bg5 f6 17. Bxf6 gxf6 18. bxc5 Rfd8 19. Qd5+ Kh8 20. Nh4 Nb6 21.
Qf3 Na4 22. Qh5 Qg7 23. Bg4 Rc7 24. Bf5 Ne7 25. Rcd1 Rg8 26. Be6 Rf8 27. Nf5
Nxf5 28. Bxf5 Nxc5 29. Rd6 a5 30. Rb6 Rb7 31. Rc6 Rc7 32. Rb6 Rb7 33. Rxb7 Qxb7
34. Rb1 Rb8 35. Rxb5 Qc7 36. Rxb8+ Qxb8 37. Qxh7# 1-0

[Event "Titled Tue 27th May Late"]
[Site "chess.com INT"]
[Date "2025.05.27"]
[Round "4"]
[White "Baskakov, Egor"]
[Black "Winslow, Elliott"]
[Result "1-0"]
[WhiteTitle "CM"]
[BlackTitle "IM"]
[WhiteElo "2215"]
[BlackElo "2004"]
[WhiteFideId "24197866"]
[BlackFideId "2002523"]
[EventDate "2025.05.27"]

1. e4 c5 2. Nf3 d6 3. d4 cxd4 4. Nxd4 Nf6 5. Nc3 a6 6. g3 e5 7. Nde2 Nbd7 8. Bg2
b5 9. a3 Bb7 10. h3 Rc8 11. g4 h6 12. Ng3 Be7 13. O-O Rxc3 14. bxc3 Nc5 15. Re1
Qc7 16. h4 Nfd7 17. g5 hxg5 18. hxg5 g6 19. Qe2 Nf8 20. Be3 Nfe6 21. c4 bxc4 22.
Qxc4 Bxg5 23. Bxg5 Nxg5 24. Rad1 Ke7 25. Re3 Qd7 26. Rc3 Nh3+ 27. Kf1 Nf4 28.
Qb4 Qc7 29. Bf3 a5 30. Qb2 Ba6+ 31. Ke1 Rb8 32. Qa1 Qb6 33. Nf1 Qb5 34. Ne3 Rh8
35. Qb1 Rh1+ 36. Kd2 Qxb1 37. Rxh1 Qb5 38. Rh8 Nxe4+ 39. Bxe4 Qe2+ 40. Kc1 Qxf2
41. Kb2 Qe1 42. Ra8 Be2 43. Ra7+ Kf6 44. Rcc7 1-0

[Event "Titled Tue 27th May Late"]
[Site "chess.com INT"]
[Date "2025.05.27"]
[Round "4"]
[White "Yang, Kaiqi"]
[Black "Brozynski, Patryk"]
[Result "1-0"]
[WhiteTitle "GM"]
[BlackTitle "CM"]
[WhiteElo "2481"]
[BlackElo "2219"]
[WhiteFideId "8604398"]
[BlackFideId "2512700"]
[EventDate "2025.05.27"]

1. e4 e6 2. d4 b6 3. Nc3 Bb7 4. a3 c5 5. d5 d6 6. Nf3 Nf6 7. Bb5+ Nbd7 8. dxe6
fxe6 9. e5 Nd5 10. Ne4 a6 11. Bxd7+ Qxd7 12. c4 Ne3 13. Bxe3 Bxe4 14. Ng5 Bf5
15. Qf3 Rd8 16. O-O-O Qa4 17. Qe2 Be7 18. exd6 Bxd6 19. g4 Bg6 20. Nxe6 Rd7 21.
Bxc5 bxc5 22. Rxd6 Re7 23. Rd8+ Kf7 24. Qf3+ 1-0

[Event "Titled Tue 27th May Late"]
[Site "chess.com INT"]
[Date "2025.05.27"]
[Round "4"]
[White "Obon Temprano, Sergi"]
[Black "Ertan, Can"]
[Result "0-1"]
[WhiteTitle "FM"]
[BlackTitle "IM"]
[WhiteElo "2155"]
[BlackElo "2369"]
[WhiteFideId "2226545"]
[BlackFideId "6306330"]
[EventDate "2025.05.27"]

1. e4 e5 2. Nf3 Nc6 3. Nc3 Nf6 4. Bb5 Nd4 5. Bc4 Bc5 6. O-O O-O 7. d3 c6 8. Nxe5
d5 9. exd5 cxd5 10. Bb3 Re8 11. Re1 Ng4 12. Nxg4 Bxg4 13. Rxe8+ Qxe8 14. Qf1 Qe5
15. Be3 Nxb3 16. axb3 d4 17. h3 Bd7 18. Bxd4 Bxd4 19. Re1 Qg5 20. Kh1 Re8 21.
Ne4 Qg6 22. c3 Bb6 23. Ng3 h5 24. d4 h4 25. Rxe8+ Bxe8 26. Ne2 Bc7 27. Ng1 Bc6
28. c4 Qd6 29. f4 Qxd4 30. Nf3 Qxf4 31. Qe2 Bxf3 0-1

[Event "Titled Tue 27th May Late"]
[Site "chess.com INT"]
[Date "2025.05.27"]
[Round "4"]
[White "Jagirapu, Harshin Reddy"]
[Black "Manolache, Marius"]
[Result "0-1"]
[BlackTitle "GM"]
[WhiteElo "2042"]
[BlackElo "2408"]
[WhiteFideId "39910679"]
[BlackFideId "1201530"]
[EventDate "2025.05.27"]

1. e4 c5 2. Nf3 e6 3. d4 cxd4 4. Nxd4 Nc6 5. Nc3 Qc7 6. Be3 a6 7. Qf3 Nf6 8.
O-O-O h5 9. Nxc6 dxc6 10. Bd4 e5 11. Qg3 Nd7 12. h4 b5 13. Kb1 g6 14. Be3 Bg7
15. Be2 Nf6 16. Bc5 Bf8 17. Bxf8 Kxf8 18. Qe3 Kg7 19. f3 Be6 20. Qc5 Rad8 21. a4
Nd7 22. Qd6 Qxd6 23. Rxd6 Nb8 24. Rhd1 Rxd6 25. Rxd6 Kf6 26. b3 Ke7 27. Rd1 Rg8
28. g4 hxg4 29. fxg4 Rh8 30. h5 Nd7 31. axb5 axb5 32. Na2 Nc5 33. Nb4 Bd7 34.
Bf3 Ne6 35. Na6 Ng5 36. Nc5 Be8 37. Be2 Ne6 38. Nxe6 Kxe6 39. Rh1 Kf6 40. Rf1+
Kg5 41. Kb2 f6 42. Kc3 c5 43. b4 c4 44. Kd2 Bd7 45. c3 Ra8 46. Ke3 Ra3 47. Kd2
Bc6 48. h6 Bxe4 49. h7 Ra8 0-1

[Event "Titled Tue 27th May Late"]
[Site "chess.com INT"]
[Date "2025.05.27"]
[Round "4"]
[White "Reprintsev, Alexander"]
[Black "Liu, Jason"]
[Result "1-0"]
[WhiteTitle "IM"]
[BlackTitle "CM"]
[WhiteElo "2256"]
[BlackElo "2064"]
[WhiteFideId "14100541"]
[BlackFideId "2514656"]
[EventDate "2025.05.27"]

1. e4 e6 2. Nf3 b6 3. d4 Bb7 4. Bd3 d5 5. Qe2 Nf6 6. Nbd2 dxe4 7. Nxe4 Nbd7 8.
Bf4 Be7 9. O-O-O Nd5 10. Bg3 Nb4 11. Bc4 Nf6 12. Nxf6+ Bxf6 13. Be5 Bd5 14. a3
Nc6 15. Bxd5 Qxd5 16. Bxc7 Rc8 17. c4 Qf5 18. Bg3 O-O 19. b3 Rfd8 20. Qc2 Qa5
21. Kb2 Nxd4 22. Nxd4 Bxd4+ 23. Ka2 b5 24. b4 Qb6 25. c5 Qc6 26. f3 Ra8 27. Qe4
Qd5+ 28. Qxd5 Rxd5 29. Rd2 e5 30. Rhd1 f6 31. Bf2 Rad8 32. Bxd4 exd4 33. Re1 Kf7
34. Kb3 R8d7 35. g4 a6 36. Re4 f5 37. gxf5 Rxf5 38. Rd3 Rfd5 39. a4 Kf6 40. axb5
axb5 41. Re8 Rb7 42. Rf8+ Ke5 43. Rd1 Ra7 44. Re1# 1-0

[Event "Titled Tue 27th May Late"]
[Site "chess.com INT"]
[Date "2025.05.27"]
[Round "4"]
[White "Gorodetzky, David"]
[Black "Ernst, Robert"]
[Result "1-0"]
[WhiteTitle "IM"]
[BlackTitle "FM"]
[WhiteElo "2481"]
[BlackElo "2340"]
[WhiteFideId "2813416"]
[BlackFideId "1662643"]
[EventDate "2025.05.27"]

1. b3 d5 2. Bb2 Nf6 3. Nf3 Bf5 4. g3 e6 5. Bg2 h6 6. c4 c6 7. O-O Nbd7 8. Nc3
Be7 9. d4 O-O 10. Nd2 a5 11. Rc1 Qb6 12. e3 Rfd8 13. Re1 Bf8 14. Qe2 Qa6 15. e4
dxe4 16. Ndxe4 Nxe4 17. Nxe4 a4 18. Bc3 axb3 19. axb3 Qb6 20. b4 Ra3 21. c5 Qc7
22. b5 Bxe4 23. Bxe4 Nf6 24. Bg2 Nd5 25. Bb2 Ra2 26. Ra1 Rda8 27. b6 Qd8 28. Qc2
R8a5 29. Rxa2 Rxa2 30. Ra1 Qa8 31. Qb1 Rxa1 32. Qxa1 Qxa1+ 33. Bxa1 Nb4 34. Bf1
e5 35. Bc3 Nd5 36. Bb2 exd4 37. Bxd4 Nb4 38. f4 Be7 39. Kg2 Kf8 40. Kf3 Bf6 41.
Bxf6 gxf6 42. Ke4 Ke7 43. Bc4 h5 44. h4 Nc2 45. Ba6 bxa6 46. b7 1-0